01157cam a2200289 a 45000010009000000050017000090080041000260100017000670200015000840400018000990420009001170500021001260820020001472450037001672600028002043000045002325000020002775200195002976500056004926500059005486500038006076500035006457000027006809420019007079990017007269520124007431191749420010320180038.0000222s2000 enkab j 001 0 eng  a 00026065  a0749542284 aDLCcDLCdDLC alcac00aAG243b.A68 200000a031.02221bGRE10a100 Great wonders of the world / a[Dubai] ;bAA,cc.2006. a240 p. :bcol. ill., col. maps ;c31 cm. aIncludes index. aDescribes the Seven Wonders of the World, providing background and related information, and surveying such modern wonders as the Channel Tunnel, Hoover Dam, Versailles, and the bullet train. 0aCuriosities and wondersvJuvenile literature.95539 0aSeven Wonders of the WorldvJuvenile literature.95540 1aSeven Wonders of the World.95541 1aCuriosities and wonders.955421 aBonson, Richard.95543 2ddccREFERENCE c11671d11671 00102ddc40708 aMAINbMAINcLOWd2009-05-28epurchaseg120.00h1l0o031.02 GREp000016099r2025-07-15 00:00:00yBB